Modern aspects of electrochemistry. (Record no. 12076)

MARC details
000 -LEADER
fixed length control field 00962cam a2200289 i 4500
001 - CONTROL NUMBER
control field 11147627
003 - CONTROL NUMBER IDENTIFIER
control field EG-ScBUE
005 - DATE AND TIME OF LATEST TRANSACTION
control field 20250716101812.0
008 - FIXED-LENGTH DATA ELEMENTS--GENERAL INFORMATION
fixed length control field 740701s1966 nyuax f 0 1 a0eng d
035 ## - SYSTEM CONTROL NUMBER
System control number (OCoLC)ocm00933141
040 ## - CATALOGING SOURCE
Original cataloging agency DLC
Language of cataloging eng
Description conventions rda
Transcribing agency OClU
Modifying agency NSDP
-- DLC
-- OCoLC
-- OCoLC
-- OCoLC
-- AIP
-- OCoLC
-- DLC
-- NSDP
-- NST
-- CaOONL
-- MH
-- OCoLC
-- NLGGC
-- DLC
-- EG-ScBUE
082 04 - DEWEY DECIMAL CLASSIFICATION NUMBER
Classification number 541.37
Edition number 22
Item number MOD
245 00 - TITLE STATEMENT
Title Modern aspects of electrochemistry.
Number of part/section of a work No.4 /
Statement of responsibility, etc edited by J. O'M. Bockris.
264 #1 - PUBLICATION, DISTRIBUTION, ETC. (IMPRINT)
Place of publication, distribution, etc New York :
Name of publisher, distributor, etc Plenum Press,
Date of publication, distribution, etc 1966.
300 ## - PHYSICAL DESCRIPTION
Extent 316 pages :
Other physical details illustrations ;
Dimensions 20 cm
336 ## - CONTENT TYPE
Source rdacontent
Content type term text
Content type code txt
337 ## - MEDIA TYPE
Media type term unmediated
Source rdamedia
Media type code n
338 ## - CARRIER TYPE
Carrier type term volume
Carrier type code nc
Source rdacarrier
500 ## - GENERAL NOTE
General note Includes index.
650 #7 - SUBJECT ADDED ENTRY--TOPICAL TERM
Topical term or geographic name as entry element Electrochemistry.
Source of heading or term BUEsh
9 (RLIN) 7098
655 ## - INDEX TERM--GENRE/FORM
Form subdivision Reading book
700 1# - ADDED ENTRY--PERSONAL NAME
Personal name Bockris, J. O'M.,
Relator term editor.
942 ## - ADDED ENTRY ELEMENTS (KOHA)
Source of classification or shelving scheme Dewey Decimal Classification
Koha item type Book - Borrowing
Holdings
Withdrawn status Lost status Source of classification or shelving scheme Damaged status Not for loan Collection code Home library Current library Shelving location Date acquired Source of acquisition Cost, normal purchase price Total Checkouts Full call number Barcode Date last seen Koha item type
    Dewey Decimal Classification     Alef-Baa Central Library Central Library First floor 29/06/2009 Purchase 150.00   541.37 MOD 000017241 15/07/2025 Book - Borrowing